000 01140nam a2200181Ia 4500
008 100920s9999 xx 000 0 und d
082 _b79542
_a23 न 01
100 _aसंक. / सुयश कॉम्प्युटर्स ,पुणे.
245 _aNotes For कॉम्प्युटर कोर्स --12 हार्ड वेअर / सॉफ्टवेअर इन्स्टॉलेशन आणि ट्रबल शुटिंग.
260 _bसम्राट प्रकाशन ,मुंबई.
_c2001
300 _a312
_bसाधी
365 _b125
520 _aकॉम्प्युटर.
630 _aNotes For कॉम्प्युटर कोर्स --12 हार्ड वेअर / सॉफ्टवेअर इन्स्टॉलेशन आणि ट्रबल शुटिंग.
650 _aकॉम्प्युटर.
730 _aNotes For कॉम्प्युटर कोर्स --12 हार्ड वेअर / सॉफ्टवेअर इन्स्टॉलेशन आणि ट्रबल शुटिंग.
942 _cBOOK
999 _c720546
_d720543